| 000 | 00346nam a2200133Ia 4500 | ||
|---|---|---|---|
| 008 | 210210b1977 xxu||||| |||| 00| 0 eng d | ||
| 082 | _a306.2 MUKP | ||
| 100 | _aMUKHOPADHYAY (Amal Kumar). | ||
| 245 | _aPolitical Sociology. | ||
| 260 |
_aCalcutta _bK P Bagchi & co., _c1977 |
||
| 300 | _a213 | ||
| 690 | _aPolitical Sociology | ||
| 906 | _aSG01580 | ||
| 999 |
_c113177 _d113177 |
||